Catalog

Record Details

Catalog Search



Have you seen my dinosaur?  Cover Image Book Book

Have you seen my dinosaur? / by Jon Surgal ; illustrated by Joe Mathieu.

Surgal, Jon,: (author.). Mathieu, Joe, 1949- (illustrator.).

Summary:

How do you find a missing dinosaur who’s large and green and likes to roar? When a little boy’s dinosaur decides to play hide-and-seek, he is surprisingly difficult to track down.

Record details

  • ISBN: 9780375856396
  • ISBN: 0375856390
  • ISBN: 9780375956393
  • ISBN: 0375956395
  • Physical Description: 48 pages : color illustrations ; 24 cm.
  • Edition: First edition.
  • Publisher: New York : Beginner Books, a division of Random House, Inc., [2010]
Subject: Dinosaurs > Juvenile fiction.
Lost articles > Juvenile fiction.
Genre: Juvenile works
Stories in rhyme.
Readers (Publications)

LDR 04124cam a2200961 i 4500
001167464
003SBPL
00520260430144154.0
008071203t20102010nyua b 000 1 eng
010 . ‡a 2007043166
020 . ‡a9780375856396 ‡q(hardcover)
020 . ‡a0375856390 ‡q(hardcover)
020 . ‡a9780375956393 ‡q(library binding)
020 . ‡a0375956395 ‡q(library binding)
035 . ‡a(OCoLC)183179435 ‡z(OCoLC)762228327 ‡z(OCoLC)885054725
05000. ‡aPZ8.3.S966 ‡bHav 2010
08200. ‡a[E] ‡223/eng/20240812
1001 . ‡aSurgal, Jon,: ‡eauthor.
24510. ‡aHave you seen my dinosaur? / ‡cby Jon Surgal ; illustrated by Joe Mathieu.
250 . ‡aFirst edition.
264 1. ‡aNew York : ‡bBeginner Books, a division of Random House, Inc., ‡c[2010]
300 . ‡a48 pages : ‡bcolor illustrations ; ‡c24 cm.
336 . ‡atext ‡btxt ‡2rdacontent
336 . ‡astill image ‡bsti ‡2rdacontent
337 . ‡aunmediated ‡bn ‡2rdamedia
338 . ‡avolume ‡bnc ‡2rdacarrier
4901 . ‡aI can read it all by myself
520 . ‡aHow do you find a missing dinosaur who’s large and green and likes to roar? When a little boy’s dinosaur decides to play hide-and-seek, he is surprisingly difficult to track down.
650 0. ‡aDinosaurs ‡vJuvenile fiction.
650 0. ‡aLost articles ‡vJuvenile fiction.
655 7. ‡aJuvenile works
655 7. ‡aStories in rhyme. ‡2lcgft
655 7. ‡aReaders (Publications) ‡2lcgft
7001 . ‡aMathieu, Joe, ‡d1949-: ‡eillustrator.
830 0. ‡aI can read it all by myself.
901 . ‡a167464 ‡bAUTOGEN ‡c167464 ‡tbiblio

Additional Resources